000 00984nam a2200229 a 4500
003 OSt
005 20251010163121.0
008 950221s1994 ne b b 100 0 eng d
020 _a906832084
040 _cMUST
082 _a636.007 SET 1994
245 0 0 _aSetting research priorities :
_btowards effective farmer-oriented research /
_cJ. Douwe Meindertsma, editor.
260 _aAmsterdam :
_bRoyal Tropical Institute,
_cc1994.
300 _a263 p. :
_bmaps ;
_c22 cm.
440 0 _aDevelopment oriented research in agriculture
_916544
500 _aThis vol. originated in an international workshop on research management on Dec. 9-13, 1991 in Amsterdam entitled Priority setting in farming systems research and development.
504 _aIncludes bibliographical references.
650 0 _aAgriculture
_xResearch
_xCongresses.
_916545
650 0 _aAgriculture
_xResearch
_zDeveloping countries
_xCongresses.
_916546
700 1 _aMeindertsma, J. Douwe.
_916547
942 _2ddc
_cO_SHELF
999 _c9564
_d9564